[Event "Wch Juvenil 2013 sub-18"]
[Site "Al-Ain UAE"]
[Date "2013.12.27"]
[Round "10.46"]
[White "Madi, Aslan"]
[Black "Du Toit, Stefan"]
[Result "1-0"]
[WhiteElo "2099"]
[BlackElo "1822"]
[PlyCount "55"]
[EventDate "2013.12.19"]
[EventType "swiss"]
[EventRounds "11"]
[EventCountry "UAE"]
[Source "lmi"]
[SourceDate "2013.12.19"]

1. e4 e5 2. Nf3 Nc6 3. Bc4 Bc5 4. c3 Nf6 5. d3 d6 6. O-O h6 7. d4 exd4 8. cxd4
Bb4 9. d5 Ne5 10. Nxe5 dxe5 11. Qa4+ Bd7 12. Qxb4 Nxe4 13. Re1 Qh4 14. g3 Qg4
15. Bd3 f5 16. Nc3 a5 17. Qa3 Ng5 18. Rxe5+ Kd8 19. Qe7+ Kc8 20. Bxg5 hxg5 21.
Bb5 c6 22. dxc6 bxc6 23. Rd1 f4 24. Rxd7 Qxd7 25. Bxc6 Qxe7 26. Rxe7 Rb8 27.
Nb5 fxg3 28. Nd6+ 1-0

[Event "Wch Juvenil 2013 sub-18"]
[Site "Al-Ain UAE"]
[Date "2013.12.27"]
[Round "10.47"]
[White "Hasenohr, Benedict"]
[Black "Doluweera, Dinul Thisura"]
[Result "0-1"]
[WhiteElo "2278"]
[BlackElo "1803"]
[PlyCount "84"]
[EventDate "2013.12.19"]
[EventType "swiss"]
[EventRounds "11"]
[EventCountry "UAE"]
[Source "lmi"]
[SourceDate "2013.12.19"]

1. d4 Nf6 2. c4 g6 3. Nc3 Bg7 4. e4 d6 5. Be2 O-O 6. Nf3 e5 7. O-O Nc6 8. d5
Ne7 9. Ne1 Ne8 10. Nd3 f5 11. Bd2 Nf6 12. f3 f4 13. c5 g5 14. Rc1 Ng6 15. Nb5
Rf7 16. Ba5 b6 17. cxd6 cxd6 18. Bb4 Bf8 19. Rc6 Ne8 20. a4 a6 21. Na3 Bd7 22.
Rc1 h5 23. Be1 a5 24. Bf2 Rb8 25. Nc4 Nf6 26. Qb3 b5 27. axb5 g4 28. b6 g3 29.
hxg3 fxg3 30. Bxg3 h4 31. Bh2 Nh5 32. Rf2 Ng3 33. Re1 Qg5 34. Bf1 Rg7 35. Nc1
a4 36. Qe3 Nf4 37. Nd3 Be7 38. Rc2 Bd8 39. Nxd6 Nxd3 40. Qxg5 Rxg5 41. Bxg3
Bxb6+ 42. Kh1 hxg3 0-1

[Event "Wch Juvenil 2013 sub-18"]
[Site "Al-Ain UAE"]
[Date "2013.12.27"]
[Round "10.53"]
[White "Abdulla, Abdulwahab"]
[Black "Hu, Ting-Rey"]
[Result "0-1"]
[WhiteElo "1838"]
[BlackElo "1562"]
[PlyCount "66"]
[EventDate "2013.12.19"]
[EventType "swiss"]
[EventRounds "11"]
[EventCountry "UAE"]
[Source "lmi"]
[SourceDate "2013.12.19"]

1. e4 e5 2. Nc3 Nf6 3. g3 Bc5 4. Bg2 d6 5. Nge2 Be6 6. O-O Nc6 7. d3 Qd7 8. Nd5
Bxd5 9. exd5 Nd4 10. c3 Nxe2+ 11. Qxe2 O-O-O 12. b4 Bb6 13. a4 a6 14. a5 Ba7
15. Be3 Kb8 16. c4 h5 17. h3 Qf5 18. b5 Nd7 19. Rfb1 axb5 20. cxb5 Bxe3 21.
fxe3 Nc5 22. Ra3 Kc8 23. b6 cxb6 24. Rxb6 Kd7 25. d4 exd4 26. exd4 Rhe8 27.
Qb5+ Kc8 28. dxc5 Re1+ 29. Kh2 Qf2 30. Rc6+ Kb8 31. Qxb7+ Kxb7 32. Rb3+ Ka7 33.
Rc7+ Ka8 0-1

[Event "Wch Juvenil 2013 sub-18"]
[Site "Al-Ain UAE"]
[Date "2013.12.27"]
[Round "10.55"]
[White "Meisch, Tanguy"]
[Black "Marwizi, Tanaka"]
[Result "1-0"]
[WhiteElo "1810"]
[PlyCount "71"]
[EventDate "2013.12.19"]
[EventType "swiss"]
[EventRounds "11"]
[EventCountry "UAE"]
[Source "lmi"]
[SourceDate "2013.12.19"]
[BlackElo "2264"]

1. e4 e6 2. d4 d5 3. Nc3 dxe4 4. Nxe4 Be7 5. Bd3 Nd7 6. Nf3 c5 7. Be3 Qc7 8.
Qe2 a6 9. a4 b6 10. O-O Ngf6 11. Nxf6+ Nxf6 12. dxc5 Bxc5 13. Bg5 Be7 14. a5 b5
15. Rfd1 Bb7 16. c3 O-O 17. Bh4 Rfd8 18. Bg3 Bd6 19. Ne5 g6 20. c4 bxc4 21.
Nxc4 Bxg3 22. hxg3 Qc6 23. f3 Qc5+ 24. Kh2 Rd5 25. g4 Rad8 26. Rac1 h5 27. Bc2
hxg4 28. fxg4 Qc6 29. Ne5 Qc7 30. Kh1 Qxe5 31. Qxe5 Rxe5 32. Rxd8+ Kg7 33. Rb8
Bd5 34. Bd3 Nxg4 35. Bxa6 Re2 36. Bxe2 1-0

[Event "Wch Juvenil 2013 sub-18"]
[Site "Al-Ain UAE"]
[Date "2013.12.23"]
[Round "11.1"]
[White "Abasov, Nijat"]
[Black "Idani, Pouya"]
[Result "1/2-1/2"]
[WhiteElo "2510"]
[BlackElo "2483"]
[PlyCount "40"]
[EventDate "2013.12.19"]
[EventType "swiss"]
[EventRounds "11"]
[EventCountry "UAE"]
[Source "lmi"]
[SourceDate "2013.12.19"]

1. d4 Nf6 2. Nf3 e6 3. Bf4 c5 4. e3 Nc6 5. c3 d5 6. Nbd2 Bd6 7. Bxd6 Qxd6 8.
Bd3 O-O 9. O-O e5 10. dxc5 Qxc5 11. e4 Bg4 12. Qc2 Rad8 13. exd5 Qxd5 14. Bc4
Qd7 15. Rad1 Bf5 16. Qa4 Qc7 17. Rfe1 e4 18. Nd4 Nxd4 19. cxd4 a6 20. Be2 Be6
1/2-1/2

[Event "Wch Juvenil 2013 sub-18"]
[Site "Al-Ain UAE"]
[Date "2013.12.23"]
[Round "11.2"]
[White "Cori, Jorge"]
[Black "Gabuzyan, Hovhannes"]
[Result "1-0"]
[WhiteElo "2609"]
[BlackElo "2532"]
[PlyCount "122"]
[EventDate "2013.12.19"]
[EventType "swiss"]
[EventRounds "11"]
[EventCountry "UAE"]
[Source "lmi"]
[SourceDate "2013.12.19"]

1. c4 g6 2. g3 Bg7 3. Bg2 e5 4. Nc3 Ne7 5. e3 c5 6. Nge2 Nbc6 7. O-O d6 8. a3
h5 9. d4 cxd4 10. exd4 exd4 11. Ne4 h4 12. Bg5 hxg3 13. fxg3 f5 14. Nf6+ Kf7
15. Nd5 Rh5 16. Qd2 Be5 17. Bf3 Rxg5 18. Qxg5 Ng8 19. Qxd8 Nxd8 20. Nc7 Rb8 21.
Rad1 Nc6 22. Nb5 Nf6 23. Nexd4 Na5 24. b3 a6 25. Nc7 Bd7 26. Rd3 Bc6 27. Nxc6
bxc6 28. Nxa6 Rb6 29. Nb4 Nd7 30. Rfd1 Ke6 31. Re3 g5 32. Nc2 Nxb3 33. Rb1 Nd2
34. Rxb6 Nxb6 35. Bxc6 Ndxc4 36. Rb3 d5 37. a4 Kd6 38. Be8 Ke7 39. a5 Nc8 40.
Rb5 Kxe8 41. Rxd5 Bc7 42. a6 N4d6 43. Kg2 Bb6 44. Nd4 f4 45. gxf4 gxf4 46. Kf3
Nc4 47. Ne6 Ne7 48. Rh5 Kd7 49. Nxf4 Kc6 50. h4 Nd6 51. Rh7 Ndf5 52. h5 Kb5 53.
Ng6 Nc6 54. Kf4 Nfd4 55. Rd7 Ne2+ 56. Kg4 Nc3 57. h6 Ne4 58. Kf5 Ng3+ 59. Kf4
Ne2+ 60. Kg4 Nc3 61. h7 Ne4 1-0

[Event "Wch Juvenil 2013 sub-18"]
[Site "Al-Ain UAE"]
[Date "2013.12.23"]
[Round "11.3"]
[White "Anton Guijarro, David"]
[Black "Naroditsky, Daniel"]
[Result "1-0"]
[WhiteElo "2558"]
[BlackElo "2531"]
[PlyCount "132"]
[EventDate "2013.12.19"]
[EventType "swiss"]
[EventRounds "11"]
[EventCountry "UAE"]
[Source "lmi"]
[SourceDate "2013.12.19"]

1. d4 Nf6 2. c4 g6 3. Nc3 Bg7 4. e4 d6 5. Nge2 O-O 6. Ng3 Nbd7 7. Be2 h5 8. Nf1
a6 9. Nd2 c6 10. O-O b5 11. a3 Bb7 12. Re1 e5 13. d5 cxd5 14. cxd5 Rc8 15. h3
Bh6 16. Bf1 Kg7 17. Nb3 Bxc1 18. Nxc1 Qb6 19. Re3 Rc7 20. a4 b4 21. a5 Qxe3 22.
fxe3 bxc3 23. bxc3 Rxc3 24. Rb1 Nc5 25. Nd3 Nfxe4 26. Nxc5 Nxc5 27. Rb6 Rc8 28.
Rxd6 Ne4 29. Rd7 R8c7 30. Rxc7 Rxc7 31. Qb3 h4 32. Qb2 f6 33. Qb6 Rd7 34. Bxa6
Bxd5 35. Bd3 Ba8 36. Bxe4 Bxe4 37. Qb4 f5 38. a6 Kh6 39. Kf2 Rc7 40. Qf8+ Kh7
41. Qd8 Rc2+ 42. Ke1 Rc1+ 43. Kd2 Rc2+ 44. Kd1 Rxg2 45. Qxh4+ Kg8 46. Qd8+ Kf7
47. Qd7+ Kf6 48. Qd6+ Kg5 49. Qxe5 Kh4 50. Qh8+ Kg3 51. Qh6 Ra2 52. Qxg6+ Kf3
53. Qh6 Ra1+ 54. Kd2 Ra2+ 55. Kc3 Ra3+ 56. Kb4 Rxe3 57. a7 Re1 58. Qh8 Rb1+ 59.
Kc5 Rc1+ 60. Kb4 Rb1+ 61. Ka3 Kg3 62. h4 f4 63. h5 Rb5 64. Qg7+ Kh2 65. h6 Rh5
66. Qg4 Rh3+ 1-0

[Event "Wch Juvenil 2013 sub-18"]
[Site "Al-Ain UAE"]
[Date "2013.12.23"]
[Round "11.5"]
[White "Bortnyk, Olexandr"]
[Black "Ma, Zhonghan"]
[Result "1/2-1/2"]
[WhiteElo "2474"]
[BlackElo "2412"]
[PlyCount "81"]
[EventDate "2013.12.19"]
[EventType "swiss"]
[EventRounds "11"]
[EventCountry "UAE"]
[Source "lmi"]
[SourceDate "2013.12.19"]

1. e4 c5 2. b4 cxb4 3. a3 bxa3 4. d4 d6 5. c3 Nf6 6. Bd3 Nc6 7. Ne2 e5 8. O-O
Be7 9. Nxa3 O-O 10. f4 Bg4 11. Be3 Nh5 12. Qb3 Na5 13. Qa2 b6 14. Nc4 exf4 15.
Nxf4 Nxf4 16. Bxf4 Rc8 17. Nxa5 bxa5 18. Qd2 Be6 19. Rfb1 Bc4 20. e5 dxe5 21.
Bxe5 Bg5 22. Qc2 Bxd3 23. Qxd3 Re8 24. Qf5 g6 25. Qh3 Qe7 26. Qf3 f6 27. Rxa5
fxe5 28. Rxe5 Qf7 29. Qxf7+ Kxf7 30. Rxg5 Rxc3 31. Ra5 Rc7 32. d5 Rd8 33. Rf1+
Kg7 34. Rfa1 a6 35. h3 Rd6 36. Kf2 Rcd7 37. Rd1 Kf6 38. Kf3 Ke5 39. Re1+ Kf6
40. Rf1 Rxd5 41. Ke4+ 1/2-1/2

[Event "Wch Juvenil 2013 sub-18"]
[Site "Al-Ain UAE"]
[Date "2013.12.23"]
[Round "11.6"]
[White "Mons, Leon"]
[Black "Eliseev, Urii"]
[Result "0-1"]
[WhiteElo "2428"]
[BlackElo "2552"]
[PlyCount "84"]
[EventDate "2013.12.19"]
[EventType "swiss"]
[EventRounds "11"]
[EventCountry "UAE"]
[Source "lmi"]
[SourceDate "2013.12.19"]

1. e4 c5 2. Nf3 Nc6 3. Bb5 d6 4. O-O Bd7 5. Re1 Nf6 6. c3 a6 7. Bf1 Bg4 8. h3
Bxf3 9. Qxf3 g6 10. d3 Bg7 11. Be3 O-O 12. Nd2 Nd7 13. Qd1 b5 14. Nf3 Nde5 15.
Nxe5 Nxe5 16. d4 cxd4 17. Bxd4 Nc6 18. Be3 Qd7 19. Qd2 Na5 20. b4 Nc6 21. a4
Rab8 22. axb5 axb5 23. Rab1 Qe6 24. Qd5 Ne5 25. Bd4 Rfc8 26. Ra1 Nc6 27. Bxg7
Kxg7 28. f4 Qf6 29. Bxb5 Qxc3 30. Rac1 Qd4+ 31. Qxd4+ Nxd4 32. Rxc8 Rxc8 33.
Bf1 Ne6 34. f5 Nf8 35. e5 dxe5 36. Rxe5 Kf6 37. Rb5 gxf5 38. Rb7 Rc1 39. b5 Ne6
40. Rd7 Rb1 41. Rd5 Ng5 42. Rd3 Ne4 0-1

[Event "Wch Juvenil 2013 sub-18"]
[Site "Al-Ain UAE"]
[Date "2013.12.23"]
[Round "11.10"]
[White "Grover, Sahaj"]
[Black "Goryachkina, Aleksandra"]
[Result "1-0"]
[WhiteElo "2485"]
[BlackElo "2428"]
[PlyCount "115"]
[EventDate "2013.12.19"]
[EventType "swiss"]
[EventRounds "11"]
[EventCountry "UAE"]
[Source "lmi"]
[SourceDate "2013.12.19"]

1. e4 c5 2. Nf3 Nc6 3. Nc3 e5 4. Bc4 d6 5. d3 Be7 6. O-O Nf6 7. Ng5 O-O 8. f4
Bg4 9. Qe1 exf4 10. Bxf4 Nd4 11. Qd2 Qd7 12. Be3 h6 13. Nf3 Nxf3+ 14. gxf3 Be6
15. Kh1 Kh7 16. Bxe6 fxe6 17. Qg2 Rg8 18. Rg1 Raf8 19. Ne2 Bd8 20. Qh3 e5 21.
Qxd7 Nxd7 22. f4 exf4 23. Bxf4 Be7 24. Kg2 Rf7 25. Bg3 Rd8 26. Nf4 Nf8 27. Rgf1
Kg8 28. Nd5 Rxf1 29. Rxf1 Ng6 30. Kh3 Rd7 31. Kg4 Bd8 32. Kh5 Ne7 33. Nf4 Nc6
34. c3 Rf7 35. Rd1 Bf6 36. Ng6 Be5 37. Nxe5 dxe5 38. b4 cxb4 39. cxb4 a6 40.
Rb1 Rd7 41. b5 axb5 42. Rxb5 Kf7 43. a4 Kf6 44. Rb3 Kf7 45. Rb6 Re7 46. Rb5 Rd7
47. a5 Re7 48. Rd5 Kf8 49. Rc5 Re6 50. Rd5 Re8 51. Rd7 Nxa5 52. Kg6 Nc6 53.
Rf7+ Kg8 54. Rxg7+ Kf8 55. Rf7+ Kg8 56. Bh4 Nd8 57. Rg7+ Kf8 58. Rh7 1-0

[Event "Wch Juvenil 2013 sub-18"]
[Site "Al-Ain UAE"]
[Date "2013.12.23"]
[Round "11.11"]
[White "Makhmutov, Rail"]
[Black "Santos Latasa, Jaime"]
[Result "0-1"]
[WhiteElo "2396"]
[BlackElo "2467"]
[PlyCount "56"]
[EventDate "2013.12.19"]
[EventType "swiss"]
[EventRounds "11"]
[EventCountry "UAE"]
[Source "lmi"]
[SourceDate "2013.12.19"]

1. d4 Nf6 2. c4 e6 3. Nf3 d5 4. g3 dxc4 5. Bg2 a6 6. O-O Nc6 7. Bg5 Be7 8. e3
Bd7 9. Qc1 b5 10. b3 cxb3 11. axb3 Nd5 12. Bxe7 Ncxe7 13. Ne5 O-O 14. Nc3 f6
15. Nxd7 Qxd7 16. Ne4 c6 17. Nc5 Qc8 18. Ra5 e5 19. dxe5 fxe5 20. Qa1 Ng6 21.
h4 Qg4 22. Nxa6 b4 23. h5 Nc3 24. Re1 Ne2+ 25. Rxe2 Qxe2 26. hxg6 Rxf2 27. Bh3
Raf8 28. Rxe5 R2f3 0-1

[Event "Wch Juvenil 2013 sub-18"]
[Site "Al-Ain UAE"]
[Date "2013.12.23"]
[Round "11.12"]
[White "Soysal, Serkan"]
[Black "De Filomeno, Simone"]
[Result "0-1"]
[WhiteElo "2114"]
[BlackElo "2431"]
[PlyCount "40"]
[EventDate "2013.12.19"]
[EventType "swiss"]
[EventRounds "11"]
[EventCountry "UAE"]
[Source "lmi"]
[SourceDate "2013.12.19"]

1. d4 d5 2. Bf4 Nf6 3. e3 c5 4. Nc3 e6 5. Nb5 Na6 6. c3 Be7 7. h3 O-O 8. Nf3
Bd7 9. a4 c4 10. b3 Qa5 11. Nd2 Ne4 12. Nxe4 dxe4 13. b4 Nxb4 14. cxb4 Bxb4+
15. Ke2 a6 16. Bc7 b6 17. Na3 Bxa4 18. Qc1 Rfc8 19. Be5 Bc3 20. Rb1 b5 0-1

[Event "Wch Juvenil 2013 sub-18"]
[Site "Al-Ain UAE"]
[Date "2013.12.23"]
[Round "11.13"]
[White "Dragun, Kamil"]
[Black "Emiroglu, Cankut"]
[Result "1-0"]
[WhiteElo "2530"]
[BlackElo "2309"]
[PlyCount "125"]
[EventDate "2013.12.19"]
[EventType "swiss"]
[EventRounds "11"]
[EventCountry "UAE"]
[Source "lmi"]
[SourceDate "2013.12.19"]

1. d4 Nf6 2. c4 e6 3. Nf3 b6 4. g3 Ba6 5. Qb3 c6 6. Nc3 d5 7. cxd5 cxd5 8. Bf4
Bc4 9. Qd1 Nbd7 10. Nd2 Ba6 11. Qa4 Bb7 12. Nb5 Bc6 13. Qb3 Bxb5 14. Qxb5 Nh5
15. Be3 Bd6 16. Bg2 a6 17. Qd3 b5 18. O-O Nb6 19. Nb3 Na4 20. Rab1 Rc8 21. Rfc1
Rxc1+ 22. Nxc1 O-O 23. b3 Nb6 24. Qd2 b4 25. Nd3 a5 26. Nc5 Qa8 27. Qd3 Bxc5
28. dxc5 Nd7 29. Qb5 Ne5 30. Bd4 Rb8 31. Qa4 Nc6 32. Bb2 Nf6 33. Bxf6 gxf6 34.
e4 Nd4 35. Re1 Rb5 36. exd5 exd5 37. Bf1 Rb8 38. Rd1 Ne6 39. Qd7 Rd8 40. Qe7
Qc6 41. Qxf6 Qxc5 42. Bd3 Qc3 43. Qh4 Qg7 44. Bf5 Rd6 45. Rc1 Nf8 46. Rc8 h6
47. Qe7 Ra6 48. Qc5 d4 49. Rd8 Rf6 50. Kg2 h5 51. h4 Qh6 52. Qxa5 Rd6 53. Be4
Qf6 54. Rxd6 Qxd6 55. Qxh5 Ne6 56. Qh6 Qd7 57. h5 Qa7 58. Bh7+ Kh8 59. Bf5+ Kg8
60. Qh7+ Kf8 61. Bxe6 Qa8+ 62. Kg1 Qf3 63. Qxf7+ 1-0

[Event "Wch Juvenil 2013 sub-18"]
[Site "Al-Ain UAE"]
[Date "2013.12.23"]
[Round "11.14"]
[White "Radovanovic, Nikola"]
[Black "Ynojosa, Felix Jose"]
[Result "0-1"]
[WhiteElo "2272"]
[BlackElo "2448"]
[PlyCount "106"]
[EventDate "2013.12.19"]
[EventType "swiss"]
[EventRounds "11"]
[EventCountry "UAE"]
[Source "lmi"]
[SourceDate "2013.12.19"]

1. d4 Nf6 2. c4 e6 3. Nc3 Bb4 4. Qc2 O-O 5. a3 Bxc3+ 6. Qxc3 b6 7. Bg5 h6 8.
Bh4 g5 9. Bg3 Ne4 10. Qc2 Bb7 11. f3 Nxg3 12. hxg3 Qf6 13. O-O-O d5 14. Nh3 Qg7
15. e4 dxe4 16. fxe4 Nc6 17. e5 Rad8 18. Qc3 Rd7 19. Nf2 Rfd8 20. Ng4 Rxd4 21.
Be2 Kf8 22. Nf6 Rxd1+ 23. Rxd1 Rxd1+ 24. Bxd1 g4 25. Nxg4 Qg5+ 26. Kb1 h5 27.
Nf6 Ke7 28. Nxh5 Qxe5 29. Qd2 Nd4 30. Nf4 Be4+ 31. Ka2 Bh7 32. Be2 c5 33. Bd3
Bxd3 34. Qxd3 a5 35. a4 Qe1 36. Qc3 Qxc3 37. bxc3 Nc6 38. Kb3 Kf6 39. Nd3 Kf5
40. Nf2 Ne5 41. Kc2 Nxc4 42. Kc1 Ne3 43. Kd2 Nc4+ 44. Kd3 Nb2+ 45. Kc2 Nxa4 46.
Kb3 b5 47. c4 Nb6 48. cxb5 Ke5 49. Kc3 Kd5 50. g4 c4 51. g5 a4 52. Kb4 Kd4 53.
Nd1 e5 0-1

[Event "Wch Juvenil 2013 sub-18"]
[Site "Al-Ain UAE"]
[Date "2013.12.23"]
[Round "11.15"]
[White "Gstach, Jakob"]
[Black "Lugovskoy, Maxim"]
[Result "0-1"]
[WhiteElo "2227"]
[BlackElo "2392"]
[PlyCount "46"]
[EventDate "2013.12.19"]
[EventType "swiss"]
[EventRounds "11"]
[EventCountry "UAE"]
[Source "lmi"]
[SourceDate "2013.12.19"]

1. Nf3 d5 2. d4 Nf6 3. c4 e6 4. g3 dxc4 5. Bg2 a6 6. O-O Nc6 7. Bg5 Be7 8. e3
Bd7 9. Nbd2 b5 10. Ne5 Nd5 11. Bxe7 Qxe7 12. Ne4 Nxe5 13. dxe5 O-O 14. Qh5 Rad8
15. Rad1 Bc6 16. Rd4 Ba8 17. Rfd1 c5 18. R4d2 h6 19. g4 Nb6 20. Nd6 Bxg2 21.
Kxg2 Nd5 22. h4 f6 23. Nf5 Qb7 0-1

[Event "Wch Juvenil 2013 sub-18"]
[Site "Al-Ain UAE"]
[Date "2013.12.28"]
[Round "11.16"]
[White "Martinez Romero, Martin"]
[Black "Megalios, Konstantinos"]
[Result "0-1"]
[WhiteElo "2381"]
[BlackElo "2106"]
[PlyCount "52"]
[EventDate "2013.12.19"]
[EventType "swiss"]
[EventRounds "11"]
[EventCountry "UAE"]
[Source "lmi"]
[SourceDate "2013.12.19"]

1. e4 d5 2. exd5 Qxd5 3. Nc3 Qa5 4. d4 Nf6 5. Nf3 Bf5 6. Bc4 e6 7. O-O Nc6 8.
Bd2 Bb4 9. d5 exd5 10. Re1+ Be6 11. a3 dxc4 12. axb4 Qxb4 13. Qe2 O-O-O 14. Ne4
Qe7 15. Nxf6 gxf6 16. Bf4 Rhe8 17. c3 Qc5 18. Be3 Qh5 19. Bxa7 b6 20. b4 Kb7
21. b5 Nxa7 22. Qa2 Nxb5 23. Qa6+ Kc6 24. Ra5 Bc8 25. Nd4+ Rxd4 26. Qa8+ Kd6
0-1

[Event "Wch Juvenil 2013 sub-18"]
[Site "Al-Ain UAE"]
[Date "2013.12.28"]
[Round "11.17"]
[White "Johansson, Linus"]
[Black "Javanbakht, Nima"]
[Result "0-1"]
[WhiteElo "2314"]
[BlackElo "2374"]
[PlyCount "70"]
[EventDate "2013.12.19"]
[EventType "swiss"]
[EventRounds "11"]
[EventCountry "UAE"]
[Source "lmi"]
[SourceDate "2013.12.19"]

1. d4 d5 2. c4 e6 3. Nc3 c6 4. Nf3 Nf6 5. Bg5 dxc4 6. e4 b5 7. e5 h6 8. Bh4 g5
9. Nxg5 hxg5 10. Bxg5 Nbd7 11. g3 Rg8 12. h4 Rxg5 13. hxg5 Nd5 14. g6 fxg6 15.
Qg4 Qe7 16. Qxg6+ Qf7 17. Qc2 Bb7 18. Nxd5 cxd5 19. O-O-O O-O-O 20. f4 Kb8 21.
Bh3 Rc8 22. f5 c3 23. fxe6 cxb2+ 24. Kb1 Qe7 25. Qxb2 Nb6 26. Ka1 Na4 27. Qb3
a6 28. Bf5 Rc3 29. Rh7 Qg5 30. Qb1 Ba3 31. Rh2 Rxg3 32. Rf1 Rg2 33. e7 Bc6 34.
Rxg2 Qxg2 35. Bc2 Qd2 0-1

[Event "Wch Juvenil 2013 sub-18"]
[Site "Al-Ain UAE"]
[Date "2013.12.28"]
[Round "11.19"]
[White "Lkhagvasuren, Tsedvee"]
[Black "Barbot, Pierre"]
[Result "0-1"]
[WhiteElo "2292"]
[BlackElo "2404"]
[PlyCount "132"]
[EventDate "2013.12.19"]
[EventType "swiss"]
[EventRounds "11"]
[EventCountry "UAE"]
[Source "lmi"]
[SourceDate "2013.12.19"]

1. c4 c5 2. Nf3 Nc6 3. d4 cxd4 4. Nxd4 g6 5. Nc3 Bg7 6. e3 Nf6 7. Be2 O-O 8.
O-O d5 9. cxd5 Nxd5 10. Nxd5 Qxd5 11. Bf3 Qc5 12. Nxc6 bxc6 13. Qa4 Rb8 14. Rb1
Be6 15. b3 Qb5 16. Ba3 Qxa4 17. bxa4 Bxa2 18. Rbc1 Bd5 19. Bxd5 cxd5 20. Bxe7
Rfc8 21. Bd6 Ra8 22. Rc5 Rxc5 23. Bxc5 a6 24. Rd1 Rc8 25. Bb6 Rc4 26. a5 Bb2
27. Kf1 Rc1 28. Rxc1 Bxc1 29. Ke2 f5 30. Kd3 Bb2 31. f3 Kf7 32. e4 fxe4+ 33.
fxe4 Ke6 34. Bd4 Ba3 35. Bb6 Bd6 36. h3 Bg3 37. Bc5 Be1 38. Bb6 Kd6 39. exd5
Kxd5 40. Ke2 Bb4 41. Kd3 Bc5 42. Bd8 Bd6 43. Bb6 Bg3 44. Kc3 Bd6 45. Kd3 Be5
46. g4 Bf6 47. Bf2 Bd8 48. Be1 Kc5 49. h4 Kb5 50. h5 Bxa5 51. hxg6 hxg6 52. Bf2
Bb6 53. Be1 a5 54. Bd2 a4 55. Kc2 Kc4 56. Kb2 Bc5 57. Bg5 Kd3 58. Bd8 Ke4 59.
Bc7 Kf3 60. g5 Be7 61. Be5 Bxg5 62. Ka3 Bd2 63. Kxa4 g5 64. Kb3 Bf4 65. Bf6 g4
66. Bh4 Be3 0-1

[Event "Wch Juvenil 2013 sub-18"]
[Site "Al-Ain UAE"]
[Date "2013.12.28"]
[Round "11.20"]
[White "Menezes, Christoph"]
[Black "Srbis, Jurica"]
[Result "1-0"]
[WhiteElo "2260"]
[BlackElo "2399"]
[PlyCount "79"]
[EventDate "2013.12.19"]
[EventType "swiss"]
[EventRounds "11"]
[EventCountry "UAE"]
[Source "lmi"]
[SourceDate "2013.12.19"]

1. d4 Nf6 2. Nf3 c5 3. d5 g6 4. c4 b5 5. cxb5 a6 6. bxa6 Bxa6 7. Nc3 d6 8. e4
Bxf1 9. Kxf1 Bg7 10. g3 O-O 11. Kg2 Nbd7 12. a4 Qb6 13. Qc2 Qb4 14. Bd2 Rfb8
15. Rhb1 Qb3 16. Ne1 c4 17. Ra3 Qxc2 18. Nxc2 Nc5 19. f3 Nfd7 20. Ne3 Rb4 21.
Ncd1 Rbxa4 22. Nxc4 Rb8 23. Rxa4 Nxa4 24. b4 f5 25. exf5 gxf5 26. Nde3 f4 27.
gxf4 Nab6 28. Rc1 Bd4 29. Nf5 Bf6 30. Nce3 Ra8 31. Kf2 Kf7 32. Ke2 Ra2 33. Rc7
Ke8 34. Kd3 Ra3+ 35. Ke2 Ra1 36. Rc1 Ra2 37. Kd3 Kf7 38. Ng3 Ra3+ 39. Ke2 Bd4
40. Nc2 1-0

[Event "Wch Juvenil 2013 sub-18"]
[Site "Al-Ain UAE"]
[Date "2013.12.28"]
[Round "11.22"]
[White "Licznerski, Lukasz"]
[Black "Lewtak, Damian"]
[Result "1-0"]
[WhiteElo "2354"]
[BlackElo "2306"]
[PlyCount "79"]
[EventDate "2013.12.19"]
[EventType "swiss"]
[EventRounds "11"]
[EventCountry "UAE"]
[Source "lmi"]
[SourceDate "2013.12.19"]

1. e4 c5 2. Nf3 Nc6 3. Nc3 Nf6 4. d4 cxd4 5. Nxd4 e5 6. Ndb5 d6 7. Nd5 Nxd5 8.
exd5 Nb8 9. a4 Be7 10. Be2 O-O 11. O-O a6 12. Na3 Nd7 13. Nc4 Rb8 14. a5 f5 15.
f4 e4 16. Be3 Nf6 17. Bb6 Qd7 18. Ba7 Qc7 19. Bxb8 Qxb8 20. Kh1 Bd7 21. Nb6 Be8
22. b4 Bd8 23. c4 Nd7 24. Nxd7 Bxd7 25. c5 g5 26. Qd2 dxc5 27. bxc5 gxf4 28. d6
Qc8 29. Rac1 Bg5 30. g3 e3 31. Qa2+ Kh8 32. gxf4 Bf6 33. Bf3 Re8 34. Rfe1 h6
35. Qb3 Bc6 36. Rxe3 Bd4 37. Rxe8+ Qxe8 38. Qd3 Bb2 39. Rg1 Bd4 40. Qxd4+ 1-0

[Event "Wch Juvenil 2013 sub-18"]
[Site "Al-Ain UAE"]
[Date "2013.12.28"]
[Round "11.23"]
[White "Lokander, Martin"]
[Black "Shetty, Atulya"]
[Result "0-1"]
[WhiteElo "2246"]
[BlackElo "2350"]
[PlyCount "70"]
[EventDate "2013.12.19"]
[EventType "swiss"]
[EventRounds "11"]
[EventCountry "UAE"]
[Source "lmi"]
[SourceDate "2013.12.19"]

1. d4 d5 2. c4 c6 3. Nc3 Nf6 4. e3 a6 5. Nf3 g6 6. Be2 Bg7 7. O-O O-O 8. Bd2
dxc4 9. Bxc4 b5 10. Be2 Nbd7 11. a4 b4 12. Na2 a5 13. Nc1 c5 14. Nb3 Bb7 15.
Bb5 Rc8 16. Rc1 Qb6 17. Qe2 Rc7 18. Rc2 Rfc8 19. Rfc1 Bd5 20. Bc4 cxd4 21.
Nfxd4 Nc5 22. Nxc5 Rxc5 23. Be1 Qd6 24. Bxd5 Qxd5 25. Nb3 Rxc2 26. Rxc2 Rxc2
27. Qxc2 Nd7 28. Nd2 Nc5 29. Qc4 Qd6 30. Nb3 Nxb3 31. Qxb3 Qe5 32. Qd3 Qxb2 33.
Qd8+ Bf8 34. Qxa5 b3 35. Kf1 Qc1 0-1

[Event "Wch Juvenil 2013 sub-18"]
[Site "Al-Ain UAE"]
[Date "2013.12.28"]
[Round "11.24"]
[White "Badalyan, Shavarsh"]
[Black "Rindlisbacher, Lars"]
[Result "0-1"]
[WhiteElo "2077"]
[BlackElo "2345"]
[PlyCount "88"]
[EventDate "2013.12.19"]
[EventType "swiss"]
[EventRounds "11"]
[EventCountry "UAE"]
[Source "lmi"]
[SourceDate "2013.12.19"]

1. d4 Nf6 2. c4 e6 3. Nf3 d5 4. g3 dxc4 5. Bg2 a6 6. Ne5 Bb4+ 7. Nc3 Nd5 8. Bd2
Nb6 9. e3 N8d7 10. Nxd7 Qxd7 11. Ne4 Qe7 12. Bxb4 Qxb4+ 13. Qd2 Qe7 14. Qc3 Rb8
15. Nd2 O-O 16. Nxc4 Nxc4 17. Qxc4 Bd7 18. Qc3 Rfc8 19. O-O c5 20. Rac1 c4 21.
Rfd1 b5 22. Qa5 Qd6 23. e4 Qb6 24. Qxb6 Rxb6 25. d5 e5 26. f4 f6 27. Rd2 Rb7
28. Rdc2 Rbc7 29. fxe5 fxe5 30. Bf1 Kf7 31. Rc3 Ke7 32. b3 Kd6 33. bxc4 a5 34.
Kf2 b4 35. Rb3 Bb5 36. c5+ Rxc5 37. Rxc5 Kxc5 38. Bxb5 Kxb5 39. Rd3 a4 40. Ke3
b3 41. axb3 a3 42. Rd1 Kb4 43. d6 a2 44. d7 Rd8 0-1

[Event "Wch Juvenil 2013 sub-18"]
[Site "Al-Ain UAE"]
[Date "2013.12.28"]
[Round "11.25"]
[White "Ladva, Ottomar"]
[Black "Hernandez Sanchez, Jairo Andre"]
[Result "1-0"]
[WhiteElo "2337"]
[BlackElo "2298"]
[PlyCount "67"]
[EventDate "2013.12.19"]
[EventType "swiss"]
[EventRounds "11"]
[EventCountry "UAE"]
[Source "lmi"]
[SourceDate "2013.12.19"]

1. d4 Nf6 2. c4 g6 3. Nc3 Bg7 4. e4 d6 5. f3 O-O 6. Be3 e5 7. d5 Nh5 8. Qd2 f5
9. exf5 gxf5 10. Bd3 Na6 11. Nge2 Nc5 12. O-O-O Nxd3+ 13. Qxd3 Bd7 14. h3 Bf6
15. g4 Ng7 16. Qd2 b5 17. Nxb5 Qb8 18. Qa5 a6 19. Nbc3 Bh4 20. f4 exf4 21. Bxf4
Qa7 22. c5 Rae8 23. cxd6 fxg4 24. hxg4 Bf6 25. dxc7 Bxc3 26. Qxc3 Rxe2 27. Bh6
Re7 28. d6 Ref7 29. Rhf1 Qb7 30. Rf4 Ne6 31. Rb4 Qg2 32. Bxf8 Rxf8 33. Rb8 Qxg4
34. c8=Q 1-0